000 00448nam a2200169 a 4500
001 0000-8538
003 ELIB.Books
008 110520 1954
035 _a(ELIB.Books)0000-8683
082 _a973
_bCoy
100 _aCoyle, David Cushman
245 _aThe United States Political System
260 _bNew York: A Signet Key Book
_c1954
650 _aGeography and History
942 _2ddc
_cBK
998 _cbat
_e2011-05-20
999 _c8538
_d8538